Comparison of selected methods for calculating the claims provisions in non-life insurance

Porovnanie výpočtov technických rezerv na poistné plnenia v neživotnom poistení vybranými deterministickými metódami. Autorka sa zamerala na metódu Chain Ladder s inflačným vyrovnaním a na separačnú metódu, ktoré sú v aktuárskej praxi často používané. Cieľom bolo odhadnúť technické rezervy na poistn...

ver descrição completa

Na minha lista:
Detalhes bibliográficos
Autor principal: Krátka, Zuzana, 1968-
Outros Autores: Sýsová, Viera
Formato: Capítulo de Livro
Idioma:eslovaco
Assuntos:
Tags: Adicionar Tag
Sem tags, seja o primeiro a adicionar uma tag!

MARC

LEADER 00000naa$a2200000$$$4500
001 0236116
005 20240502073823.4
041 0 |a slo 
044 |a SK 
245 1 0 |a Comparison of selected methods for calculating the claims provisions in non-life insurance  |c Zuzana Krátka, Viera Sýsová 
520 |a Porovnanie výpočtov technických rezerv na poistné plnenia v neživotnom poistení vybranými deterministickými metódami. Autorka sa zamerala na metódu Chain Ladder s inflačným vyrovnaním a na separačnú metódu, ktoré sú v aktuárskej praxi často používané. Cieľom bolo odhadnúť technické rezervy na poistné plnenia oboma metódami a následne jednotlivé výsledky porovnať so skutočnými vyplatenými poistnými plneniami, ktoré nastali v daných rokoch. Vhodnejšou metódou sa ukázala byť separačná metóda. 
610 2 0 |a poistenie neživotné 
610 2 0 |a plnenie poistné 
610 2 0 |a rezervy technické 
610 2 0 |a metódy aktuárske 
100 1 |a Krátka, Zuzana, 1968- 
700 1 |a Sýsová, Viera